000 00474nam a2200157 4500
001 138892
003 ES-MaACL
005 20230906195647.0
007 t|
008 070214s1961 sp r ||||1| spa d
100 1 _aSanz Jarque, Juan José.
_9103651
245 1 0 _aRégimen de la concentración parcelaria /
_cJuan José Sanz Jarque.
260 _aMadrid :
_b[s.n.],
_c1961 (
_fGráf. E. Casado)
300 _aXIX, 365 p. ;
_c25 cm.
852 _aES-MaACL
_jC-19643
_bR.47392
999 _c138892
_d138892